A Concise history of the people's republic of China (1949-2019) (Record no. 588793)
[ view plain ]
| 000 -LEADER | |
|---|---|
| fixed length control field | 00498nam a22001457a 4500 |
| 020 ## - INTERNATIONAL STANDARD BOOK NUMBER | |
| International Standard Book Number | 9787515409764 |
| 082 ## - DEWEY DECIMAL CLASSIFICATION NUMBER | |
| Classification number | 951.083 |
| Author Mark | CON 2019 |
| 100 ## - MAIN ENTRY--PERSONAL NAME | |
| Personal name | The Institute of Contemporary China Studies |
| 245 ## - TITLE STATEMENT | |
| Title | A Concise history of the people's republic of China (1949-2019) |
| Statement of responsibility, etc. | The Institute of Contemporary China Studies |
| 260 ## - PUBLICATION, DISTRIBUTION, ETC. | |
| Place of publication, distribution, etc. | Beijing |
| Name of publisher, distributor, etc. | Contemporary China Publishing House |
| Date of publication, distribution, etc. | 2019 |
| 300 ## - PHYSICAL DESCRIPTION | |
| Extent | 233p |
| 563 ## - BINDING INFORMATION | |
| Binding note | PB |
| 942 ## - ADDED ENTRY ELEMENTS (KOHA) | |
| Source of classification or shelving scheme | |
| Koha item type | Book |
| Withdrawn status | Lost status | Source of classification or shelving scheme | Damaged status | Not for loan | Permanent Location | Current Location | Shelving location | Date acquired | Total Checkouts | Full call number | Barcode | Date last seen | Price effective from | Koha item type |
|---|---|---|---|---|---|---|---|---|---|---|---|---|---|---|
| Centre for International Peace & Stability (CIPS) | Centre for International Peace & Stability (CIPS) | General Stacks | 03/16/2022 | 951.083 CON 2019 | CIPSD0000659 | 03/16/2022 | 03/16/2022 | Book |
